| 000 | 02700nam a22002537a 4500 | ||
|---|---|---|---|
| 003 | DO-SdBNP | ||
| 005 | 20220622110045.0 | ||
| 007 | ta | ||
| 008 | 210716b 2018 dr 00| 0 eng d | ||
| 020 | _a9789945168983 | ||
| 040 |
_aDO-SdBNP _bspa _cBNPHU |
||
| 082 | 4 | _222 | |
| 100 | 1 |
_aFernández Martínez, Sandra Margarita, _d1970- _979264 |
|
| 245 | 1 | 0 |
_aEnsayo sobre prácticas del proceso de saneamiento : _bdirigido a estudiantes y abogados principiantes en el Derecho Inmobiliario / _cSandra Margarita Fernández Martínez ; prólogo Lusnelda Solís Taveras. |
| 260 |
_aSanto Domingo : _bBúho, _c2018. |
||
| 300 |
_a242 p. ; _c23 cm. |
||
| 500 | _aIncluye datos biográficos del autor en las solapas | ||
| 504 | _aBibliografía : p. 241-242 | ||
| 505 | 0 | _aPrólogo / Lusnelda Solís Taveras, 13.-- Advertencia, 17.-- Generalidades, 19.-- Significado de la palabra posesión, 21.-- Definición de la palabra ensayo, 22.-- Definición de la Ley 108-05. Definición de Sistema Torrens. Definición de Saneamiento, 23.-- Definición del Abogado del Estado, 24.-- Dirección Nacional de Registro de Títulos. Oficinas de Registro de Títulos. Significado de Ley Marco, 25.-- Introducción, 27.-- Exégesis, 31.-- El proceso de saneamiento y tribunal competente, 37.-- Apoderamiento del Tribunal de Jurisdicción Original en materia de saneamiento, 47.-- Conformación del Tribunal de Jurisdicción Original, 51.-- Principios generales, 53.-- Diferencia entre deslinde, saneamiento y mensura, 61.-- De la contribución especial, 113.-- Cantidad de audiencias que se pueden celebrar en el proceso de saneamiento, 115.-- Citaciones de los colindantes, 117.-- Formas en que puede ser atacada la sentencia emitida por el Tribunal de Jurisdicción Original (T.J.O.), 121.-- Dela reclamación, 123.-- Pruebas en que deben basarse las posesiones, 127.-- Las costas del procedimiento en materia de saneamiento, 129.-- De las mejoras, 131.-- Sobre la prescripción, 133.-- El referimiento en el saneamiento, 135.-- Derechos de los herederos en materia de saneamiento, 141.-- ¿Es obligatorio que el estado civil del reclamante sea casado para que pueda registrarse en comunidad con su pareja un inmueble objeto de saneamiento?, 157.-- Derecho de propiedad que tienen los ayuntamientos sobre los terrenos del municipio, 161.-- Papel del Abogado-Agrimensor en los procesos, 167.-- Publicidad de las actuaciones y decisiones, 169.-- Caso suigeneris (Caso único). La parcela 28 del D.C. #10 del Municipio de San Ignacio de Sabaneta, Provincia Santiago Rodríguez, 171.-- | |
| 590 | _aInventariado, 2021 /LP | ||
| 700 | 1 |
_aSolís Taveras, Lusnelda, _eprólogo _979265 |
|
| 910 | _aLpérez | ||
| 942 |
_2ddc _cLBS1 |
||
| 999 |
_c50128 _d50128 |
||